00609 2200217 4500001002100000005001500021035002000036007000300056008004100059020001800100082001200118084001900130100001200149245009600161260004500257300003200302650001000334700002300344990001200367990001200379INLIS00000000000179220180321091507 a0010-0318000135ta180321 g 0 ind  a9786020333618 a746.662 a746.662 ROS e0 aROSINTA1 a65 Setelan Cantik Kain Sarung Batik Encim & Kebayanya /cRosinta; editor, Intarina Hardiman aJakarta :bGramedia Pustaka Utama,c2016 a107 hlm. :bilus. ;c23 cm. aBATIK0 aINTARINA, Hardiman a16799 a a16799 b